000 01845cam a22005174i 4500
003 PE-LiUPU
005 20250731165526.0
008 150623s r 000 0 d
020 _a0801040426
035 _a(Sirsi) i9780801040429
040 _aPE-LiUPU
_bspa
_cPE-LiUPU
_erda
049 _aPRUA
082 0 4 _a220.3
_bH22
_221
100 1 _aHarrison, Everett F.,
_eautor.
245 1 0 _aBaker's dictionary of Theology /
_cEverett F. Harrison, Geffrey W. Bromiley, Carl F. H. Henry.
264 1 _aGrand Rapids, Michigan :
_bBaker Book House,
_c1973.
300 _a566 p ;
_c24centímetros
336 _atext
_2rdacontent
337 _aunmediated
_2rdamedia
338 _avolume
_2rdacarrier
505 0 _aA. -Z.
526 _aSEG44
526 _aSEG26
526 _aP151
526 _aP150
526 _aP149
526 _aP146
526 _aP145
526 _aP126
526 _aP125
526 _aP92
526 _aP75
526 _aP74
526 _aP27
526 _aP15
650 1 4 _aTeología
_vDiccionarios.
_94655
700 1 _aBromiley, Geoffrey W.,
_eed.
700 1 _aHenry, Carl F. H.,
_eed.
942 _2ddc
_cBOOK
949 _aRC 220.3 H22
_wDEWEY
_c1
_i18530
_lCCODEBUL1
_mBUL
_r0
_sY
_tBOOK
_u2015-6-24
_xTEOLOGIA
_zUNKNOWN
_0COMPRA
_o.CIRCNOTE. No olvidar cambiar la fecha de devolución!!!!!!!
_o.STAFF. Colección General
994 _aC0
_bPEPRU
596 _a1
999 _aRC 220.3 H22
_wDEWEY
_c35892
_i18530
_f2021-11-8
_g6
_lCCODEBUL1
_mBUL
_r1
_sY
_tBOOK
_u2015-6-24
_xTEOLOGIA
_zUNKNOWN
_0COMPRA
_o.CIRCNOTE. No olvidar cambiar la fecha de devolución!!!!!!!
_o.STAFF. Colección General
_d35892
999 _aRC 220.3 H22
_wDEWEY
_c2
_i75828
_f2021-11-8
_g5
_lCCODEBUL1
_mBUL
_r1
_sY
_tBOOK
_u2017-5-10
_xTEOLOGIA
_PP35
_0COMPRA
_o.STAFF. Colección Teología
980 _81
_gALBERTO SANCHEZ Responsable de Automatización